[Event "5eme Open International de La Fere"]
[Site "La Fere (FRA)"]
[Date "2006.07.10"]
[Round "3.38"]
[White "Marlein, Jacques"]
[Black "Wolfangel, Claude"]
[Result "0-1"]
[WhiteElo "1499"]
[BlackElo "1843"]
[PlyCount "110"]
[EventDate "2006.07.08"]

1. e4 d5 2. exd5 Qxd5 3. Nc3 Qd6 4. Nf3 Nf6 5. d3 g6 6. Ne2 Bg7 7. c3 O-O 8.
Ng3 e5 9. Be2 c5 10. O-O Nc6 11. Bd2 Bg4 12. Ne1 Bxe2 13. Qxe2 Rad8 14. Ne4
Nxe4 15. Qxe4 c4 16. Bg5 Rc8 17. Rd1 h6 18. Bc1 Rfd8 19. g3 Qe6 20. Ng2 cxd3
21. Rxd3 Rxd3 22. Qxd3 Rd8 23. Qe2 Qxa2 24. Ne3 Kh7 25. f4 exf4 26. Rxf4 Bxc3
27. Qf1 Bxb2 28. Rf2 Ne5 29. Rxb2 Qa1 30. Kg2 Rd7 31. Nf5 Nd3 32. Rd2 Qc3 33.
Ne7 Rxe7 34. Rxd3 Qc6+ 35. Rf3 b5 36. g4 Rc7 37. Bf4 Re7 38. Kg3 b4 39. Be5 Qe6
40. Bb2 a5 41. Qd3 a4 42. Qd8 Re8 43. Qf6 Qxf6 44. Bxf6 g5 45. h4 gxh4+ 46.
Kxh4 Kg6 47. g5 Re4+ 48. Kg3 hxg5 49. Bd8 f5 50. Rd3 b3 51. Rd6+ Kf7 52. Bxg5
Rg4+ 53. Kf3 Rxg5 54. Rd4 Rg4 55. Rd7+ Ke6 0-1

[Event "5eme Open International de La Fere"]
[Site "La Fere (FRA)"]
[Date "2006.07.10"]
[Round "3.39"]
[White "Casier, Remi"]
[Black "Dubois, Emmanuelle"]
[Result "1-0"]
[WhiteElo "1833"]
[BlackElo "1510"]
[PlyCount "95"]
[EventDate "2006.07.08"]

1. d4 d5 2. c4 e6 3. Nc3 Nf6 4. Bg5 Nbd7 5. Nf3 c6 6. e3 Qa5 7. Bxf6 Nxf6 8. a3
Ne4 9. c5 Nxc3 10. Qd2 Be7 11. Bd3 O-O 12. b4 Qc7 13. Qxc3 Re8 14. Qc2 h6 15.
Ne5 Bf6 16. f4 Bxe5 17. fxe5 b6 18. O-O bxc5 19. Qxc5 Qb6 20. Rac1 Qxc5 21.
Rxc5 Bb7 22. g4 Kf8 23. h4 Ke7 24. a4 Rf8 25. e4 Rad8 26. exd5 Rxd5 27. Rxd5
cxd5 28. Rc1 Rc8 29. Rxc8 Bxc8 30. Kf2 f6 31. Ke3 fxe5 32. dxe5 g5 33. hxg5
hxg5 34. Kd4 Kd7 35. Kc5 Kc7 36. b5 Bd7 37. Bg6 Bc8 38. a5 Bb7 39. Be8 Kd8 40.
Bc6 Bc8 41. Kd6 d4 42. Be4 Bd7 43. b6 axb6 44. a6 d3 45. a7 d2 46. a8=Q+ Bc8
47. Bf3 b5 48. Qa7 1-0

[Event "5eme Open International de La Fere"]
[Site "La Fere (FRA)"]
[Date "2006.07.10"]
[Round "4.1"]
[White "Afek, Yochanan"]
[Black "Tirard, Hugo"]
[Result "1/2-1/2"]
[WhiteElo "2316"]
[BlackElo "2453"]
[PlyCount "31"]
[EventDate "2006.07.08"]

1. e4 c5 2. Nf3 Nc6 3. c3 Nf6 4. e5 Nd5 5. d4 cxd4 6. cxd4 d6 7. Bc4 Nb6 8. Bb5
dxe5 9. Nxe5 Bd7 10. Nxd7 Qxd7 11. O-O e6 12. Nc3 Rd8 13. Bg5 Be7 14. Bxe7 Qxe7
15. Qf3 O-O 16. Bxc6 1/2-1/2

[Event "5eme Open International de La Fere"]
[Site "La Fere (FRA)"]
[Date "2006.07.10"]
[Round "4.3"]
[White "Gozzoli, Yannick"]
[Black "Chetverik, Maxim"]
[Result "1-0"]
[WhiteElo "2470"]
[BlackElo "2302"]
[PlyCount "49"]
[EventDate "2006.07.08"]

1. e4 a6 2. d4 b5 3. a4 Bb7 4. Bd3 e6 5. Nf3 c5 6. dxc5 Bxc5 7. O-O b4 8. Nbd2
d5 9. Nb3 Nd7 10. e5 Qc7 11. a5 Ne7 12. Re1 Nc6 13. Nxc5 Nxc5 14. Bd2 h6 15.
Qe2 Rc8 16. Qe3 Nd7 17. Qf4 g5 18. Qg4 d4 19. Qh5 Ke7 20. Nxg5 Ndxe5 21. Nxf7
Nxf7 22. Rxe6+ Kf8 23. Rae1 Rd8 24. Qc5+ Rd6 25. Bf4 1-0

[Event "5eme Open International de La Fere"]
[Site "La Fere (FRA)"]
[Date "2006.07.10"]
[Round "4.4"]
[White "Grigorov, Grigor"]
[Black "Riff, Jean-Noel"]
[Result "1/2-1/2"]
[WhiteElo "2425"]
[BlackElo "2444"]
[PlyCount "32"]
[EventDate "2006.07.08"]

1. d4 Nf6 2. c4 e6 3. Nc3 Bb4 4. Qc2 c5 5. dxc5 O-O 6. a3 Bxc5 7. Nf3 b6 8. e4
Nc6 9. Bg5 h6 10. Bh4 e5 11. Be2 a5 12. O-O d6 13. Rad1 Be6 14. Nd5 g5 15. Bg3
Rc8 16. Kh1 Nd4 1/2-1/2

[Event "5eme Open International de La Fere"]
[Site "La Fere (FRA)"]
[Date "2006.07.10"]
[Round "4.6"]
[White "Ly, Anh-Dao"]
[Black "Ninov, Nikolai"]
[Result "0-1"]
[WhiteElo "2116"]
[BlackElo "2517"]
[PlyCount "78"]
[EventDate "2006.07.08"]

1. e4 c5 2. Nc3 Nc6 3. g3 g6 4. Bg2 Rb8 5. d3 b5 6. a3 Bg7 7. Be3 b4 8. axb4
cxb4 9. Na4 e5 10. Nf3 Nf6 11. Qc1 O-O 12. Bh6 d5 13. exd5 Nxd5 14. Bxg7 Kxg7
15. O-O Qc7 16. Re1 Rd8 17. Nc5 a5 18. Ne4 h6 19. h3 Nde7 20. Ned2 Be6 21. Nc4
f6 22. Nfd2 Bd5 23. Bf1 Nf5 24. Ne3 Nxe3 25. Rxe3 Nd4 26. Nc4 Bxc4 27. dxc4 b3
28. Bd3 bxc2 29. Ra4 Rb3 30. Kh2 Rdb8 31. Ra2 f5 32. Bf1 f4 33. Rxb3 Rxb3 34.
Ra3 Rxa3 35. bxa3 Qb7 36. gxf4 Qb1 37. Qe3 Qe1 38. Qg3 c1=Q 39. Qg2 Qxf4+ 0-1

[Event "5eme Open International de La Fere"]
[Site "La Fere (FRA)"]
[Date "2006.07.10"]
[Round "4.7"]
[White "Dumitrache, Dragos-Nicolae"]
[Black "Houriez, Clement"]
[Result "1-0"]
[WhiteElo "2451"]
[BlackElo "2125"]
[PlyCount "41"]
[EventDate "2006.07.08"]

1. d4 Nf6 2. c4 g6 3. Nc3 d5 4. Bg5 Ne4 5. Bh4 Nxc3 6. bxc3 dxc4 7. e4 b5 8. a4
c6 9. f4 Bg7 10. Nf3 Bb7 11. Qb1 a6 12. Bxc4 Qc7 13. Bb3 Qxf4 14. O-O e6 15.
Qe1 Qc7 16. Ng5 O-O 17. Rxf7 Rxf7 18. Bxe6 c5 19. Qf2 Nc6 20. Bxf7+ Kh8 21. Ne6
1-0

[Event "5eme Open International de La Fere"]
[Site "La Fere (FRA)"]
[Date "2006.07.10"]
[Round "4.8"]
[White "Clery, Nicolas"]
[Black "Manet, Eric"]
[Result "1-0"]
[WhiteElo "2278"]
[BlackElo "1999"]
[PlyCount "43"]
[EventDate "2006.07.08"]

1. d4 Nf6 2. c4 g6 3. Nc3 Bg7 4. e4 d6 5. Nf3 O-O 6. h3 e5 7. d5 a5 8. Bg5 Na6
9. Bd3 Nc5 10. Bc2 Bd7 11. Qe2 Qc8 12. O-O-O Nh5 13. Qd2 a4 14. g4 Nf6 15. Nh4
b6 16. f4 h6 17. Bxf6 Bxf6 18. g5 Be7 19. Nf3 exf4 20. gxh6 Bxh3 21. Qd4 Kh7
22. Qg7# 1-0

[Event "5eme Open International de La Fere"]
[Site "La Fere (FRA)"]
[Date "2006.07.10"]
[Round "4.5"]
[White "Gladyszev, Oleg"]
[Black "Bagaturov, Giorgi"]
[Result "0-1"]
[WhiteElo "2457"]
[BlackElo "2461"]
[PlyCount "114"]
[EventDate "2006.07.08"]

1. d4 Nf6 2. c4 e6 3. Nc3 Bb4 4. Qc2 O-O 5. a3 Bxc3+ 6. Qxc3 Qe8 7. Nf3 d6 8.
e3 Nc6 9. b4 e5 10. dxe5 dxe5 11. Bb2 e4 12. Nd2 Qe7 13. b5 Nb8 14. a4 Re8 15.
g4 Rd8 16. Rg1 Nbd7 17. Nb3 c5 18. Be2 b6 19. a5 a6 20. axb6 Nxb6 21. Qe5 Be6
22. g5 Ne8 23. Qxc5 Qb7 24. Na5 Qb8 25. Be5 Nd7 26. Bxb8 Nxc5 27. Nc6 Rdxb8 28.
Nxb8 Rxb8 29. bxa6 Nc7 30. a7 Ra8 31. f3 N7a6 32. Kf2 Rxa7 33. Rgd1 Kf8 34. h4
Ke7 35. Ra3 Rb7 36. Rd2 Nb4 37. Kg1 Nc6 38. fxe4 Nxe4 39. Rda2 Rb1+ 40. Kg2 Nb4
41. Ra7+ Kd6 42. Rb7 Nxa2 43. Rxb1 Nac3 44. Rb2 Nxe2 45. Rxe2 Bxc4 46. Rb2 Bd5
47. Kh2 Ke5 48. Rb8 Nd6 49. Rh8 Be4 50. Rg8 Bg6 51. Kh3 h5 52. Rxg7 Ke4 53. Rg8
Kf3 54. Rd8 Ne4 55. Rd5 Nf2+ 56. Kh2 Ng4+ 57. Kh3 Bd3 0-1

[Event "5eme Open International de La Fere"]
[Site "La Fere (FRA)"]
[Date "2006.07.10"]
[Round "4.10"]
[White "Olarasu, Gabriela"]
[Black "Marchal, Jeremy"]
[Result "1/2-1/2"]
[WhiteElo "2222"]
[BlackElo "2096"]
[PlyCount "83"]
[EventDate "2006.07.08"]

1. d4 Nf6 2. Nf3 d6 3. b3 g6 4. Bb2 Bg7 5. g3 Nbd7 6. c4 O-O 7. Bg2 Re8 8. O-O
e5 9. dxe5 dxe5 10. Nxe5 Qe7 11. Nxd7 Bxd7 12. Nc3 c6 13. Re1 Ng4 14. e3 Rad8
15. Qe2 Ne5 16. Rad1 Bg4 17. f3 Bf5 18. e4 Be6 19. Rxd8 Rxd8 20. Rd1 Qc5+ 21.
Kh1 Rxd1+ 22. Nxd1 Qd6 23. Nf2 h5 24. Qd1 Qe7 25. Qd2 Qc5 26. f4 Ng4 27. Nxg4
Bxg4 28. e5 Bf5 29. Bd4 Qa3 30. b4 Bb1 31. b5 Bxa2 32. bxc6 bxc6 33. Bxc6 Bxc4
34. Bb2 Qc5 35. Be4 Be6 36. Bc3 Qc4 37. Bg2 Qb5 38. h3 a6 39. Kh2 Qc4 40. Bf3
Qf1 41. Bg2 Qc4 42. Qd8+ 1/2-1/2

[Event "5eme Open International de La Fere"]
[Site "La Fere (FRA)"]
[Date "2006.07.10"]
[Round "4.11"]
[White "Maupin, Valerie"]
[Black "Bardoux, Thierry"]
[Result "1-0"]
[WhiteElo "2007"]
[BlackElo "2175"]
[PlyCount "61"]
[EventDate "2006.07.08"]

1. d4 Nf6 2. c4 d6 3. Nc3 g6 4. e4 Bg7 5. f4 O-O 6. Nf3 c5 7. d5 e6 8. Be2 exd5
9. cxd5 Re8 10. e5 dxe5 11. fxe5 Ng4 12. Bg5 Qb6 13. O-O Nxe5 14. Nxe5 Bxe5 15.
Bc4 Qb4 16. Qf3 f5 17. Qd3 Kh8 18. Rfe1 Nd7 19. Nb5 Bd4+ 20. Kf1 Ne5 21. Bf6+
Kg8 22. Bxe5 Bxe5 23. Nc7 Bd7 24. d6+ Kh8 25. Nxa8 b5 26. Bf7 Rf8 27. Bd5 Bxd6
28. Bf3 Qf4 29. Rad1 Rf6 30. Nc7 Qxh2 31. Qc3 1-0

[Event "5eme Open International de La Fere"]
[Site "La Fere (FRA)"]
[Date "2006.07.10"]
[Round "4.12"]
[White "Lepot, Simon"]
[Black "Iglesias, Joachim"]
[Result "0-1"]
[WhiteElo "1880"]
[BlackElo "2127"]
[PlyCount "102"]
[EventDate "2006.07.08"]

1. e4 b6 2. d4 Bb7 3. Nc3 e6 4. Bc4 Bb4 5. Qe2 Nf6 6. f3 d5 7. exd5 Nxd5 8. Bd2
Bxc3 9. bxc3 Qh4+ 10. Qf2 Qxf2+ 11. Kxf2 Nc6 12. Ne2 O-O-O 13. Rhe1 Na5 14. Bb3
Ba6 15. Nf4 Nc4 16. Bxc4 Bxc4 17. Nxd5 Rxd5 18. a3 Rhd8 19. Be3 Ra5 20. Reb1
Rd6 21. Rb4 Rc6 22. a4 Bd5 23. Ra3 Rc4 24. Bc1 c5 25. dxc5 Raxc5 26. Rxc4 Rxc4
27. Bb2 a5 28. Ke3 Bc6 29. Kd3 Rxa4 30. Rxa4 Bxa4 31. c4 f6 32. Bc3 Kb7 33. c5
Bc6 34. cxb6 Kxb6 35. Bd4+ Kc7 36. Bc5 Kd7 37. Ke3 e5 38. g3 Ke6 39. c4 a4 40.
h4 h5 41. Bf8 g5 42. Bb4 gxh4 43. gxh4 Bb7 44. Ba3 Ba6 45. c5 Kd5 46. Bb2 Kxc5
47. f4 Kd5 48. fxe5 fxe5 49. Kf3 Bb7 50. Ke3 e4 51. Kf4 Kc4 0-1

[Event "5eme Open International de La Fere"]
[Site "La Fere (FRA)"]
[Date "2006.07.10"]
[Round "4.13"]
[White "Waquet, Frederic"]
[Black "Godart, Michel"]
[Result "1/2-1/2"]
[WhiteElo "2080"]
[BlackElo "1857"]
[PlyCount "64"]
[EventDate "2006.07.08"]

1. e4 c6 2. d4 d5 3. Nd2 dxe4 4. Nxe4 Bf5 5. Ng3 Bg6 6. f4 e6 7. Nf3 Bd6 8. h4
h6 9. h5 Bh7 10. Bd3 Bxd3 11. Qxd3 Nd7 12. Ne4 Qc7 13. Ne5 Ne7 14. Bd2 Bxe5 15.
fxe5 O-O 16. O-O-O Rad8 17. g4 Nxe5 18. Qg3 Rxd4 19. Rde1 Nd5 20. Qg2 Nc4 21.
g5 Nxd2 22. gxh6 f5 23. Nxd2 Rg4 24. Qf2 e5 25. Nf3 e4 26. Nh4 gxh6 27. Ng6 Rf6
28. Qxa7 Rfxg6 29. hxg6 Rxg6 30. Reg1 Kh7 31. Rxg6 Kxg6 32. Rg1+ Kh7 1/2-1/2

[Event "5eme Open International de La Fere"]
[Site "La Fere (FRA)"]
[Date "2006.07.10"]
[Round "4.14"]
[White "Raulet, Alain"]
[Black "Cuvelier, Julien"]
[Result "1-0"]
[WhiteElo "2040"]
[BlackElo "1850"]
[PlyCount "69"]
[EventDate "2006.07.08"]

1. c4 Nf6 2. g3 c6 3. Bg2 d5 4. d4 Bf5 5. Nc3 e6 6. Qb3 Qc8 7. Bf4 Be7 8. Rc1
dxc4 9. Qxc4 O-O 10. e4 Bg6 11. Nge2 Qd7 12. a3 Na6 13. O-O Rac8 14. Rfd1 Rfd8
15. b4 Nc7 16. Qb3 Qe8 17. Rc2 Rd7 18. Rcd2 Qd8 19. Be5 Ng4 20. Bxc7 Rdxc7 21.
d5 exd5 22. exd5 Rd7 23. Bh3 Bf5 24. Nd4 Ne3 25. Nxf5 Nxd1 26. Nxe7+ Rxe7 27.
Rxd1 Rb8 28. dxc6 Qf8 29. Nd5 bxc6 30. Nxe7+ Qxe7 31. Qd3 g6 32. Qd6 Qe8 33.
Bd7 Qd8 34. Bxc6 Qc8 35. Rc1 1-0

[Event "5eme Open International de La Fere"]
[Site "La Fere (FRA)"]
[Date "2006.07.10"]
[Round "4.16"]
[White "Feryn, Alexandre"]
[Black "Molet, Asher"]
[Result "1/2-1/2"]
[WhiteElo "1877"]
[BlackElo "1990"]
[PlyCount "81"]
[EventDate "2006.07.08"]

1. e4 c5 2. Nf3 Nc6 3. d4 cxd4 4. Nxd4 Nf6 5. Nc3 e5 6. Ndb5 d6 7. Bg5 a6 8.
Na3 b5 9. Nd5 Be7 10. Bxf6 Bxf6 11. c3 O-O 12. Nc2 Rb8 13. Be2 Bg5 14. Bf3 Be6
15. O-O a5 16. Qd3 Ne7 17. Nce3 Bxe3 18. fxe3 Nxd5 19. exd5 Bd7 20. Rad1 f5 21.
e4 f4 22. Qe2 Qg5 23. Qf2 Rb7 24. Kh1 Rf6 25. Qd2 Qh4 26. Qf2 Rh6 27. Qxh4 Rxh4
28. Kg1 g5 29. g3 Rh6 30. Rd2 g4 31. Bd1 f3 32. b3 Be8 33. h4 Rf6 34. Rc2 Bg6
35. Re1 Rc7 36. Kf2 Rf8 37. Re3 Rb8 38. Rc1 Be8 39. Rc2 a4 40. Rc1 Rbc8 41. Rd3
1/2-1/2

[Event "5eme Open International de La Fere"]
[Site "La Fere (FRA)"]
[Date "2006.07.10"]
[Round "4.17"]
[White "Lebon, Joffrey"]
[Black "Wallart, Francois"]
[Result "1/2-1/2"]
[WhiteElo "1982"]
[BlackElo "1848"]
[PlyCount "127"]
[EventDate "2006.07.08"]

1. e4 e5 2. Nf3 Nc6 3. Bb5 a6 4. Bxc6 dxc6 5. O-O Bg4 6. h3 Bh5 7. g4 Bg6 8.
Nxe5 Qh4 9. Qf3 O-O-O 10. d3 f6 11. Nxg6 hxg6 12. Kg2 Bd6 13. Rh1 g5 14. Nd2 b5
15. a4 b4 16. Nc4 Ne7 17. Nxd6+ cxd6 18. Qg3 Qh7 19. f4 gxf4 20. Bxf4 d5 21.
Rae1 g5 22. Bd2 dxe4 23. Rxe4 Nd5 24. Bxb4 f5 25. gxf5 Nf4+ 26. Rxf4 gxf4 27.
Qxf4 Rhg8+ 28. Kf2 Rd5 29. Ke1 Rxf5 30. Qe4 Qg6 31. Kd1 Re8 32. Qg4 Qxg4+ 33.
hxg4 Rf4 34. Bd6 Rxa4 35. Rh7 Re6 36. Ba3 Rxg4 37. c3 Rg2 38. d4 Rf6 39. Rh1
Rfg6 40. Rh7 Rg7 41. Rxg7 Rxg7 42. Kc2 Rb7 43. Bb4 Kd7 44. Bc5 Ke6 45. Ba3 a5
46. Bc5 a4 47. Ba3 Rg7 48. Kd3 Kd5 49. c4+ Ke6 50. Kc3 Rb7 51. Kd3 Rb3+ 52. Ke4
Kd7 53. Kf4 Rh3 54. Ke4 Rh5 55. d5 cxd5+ 56. cxd5 Kc7 57. Kd4 Kb6 58. Ke4 Kb5
59. Kd4 Rg5 60. Be7 Rg2 61. Ba3 Re2 62. Kd3 Re1 63. Kd4 Re2 64. Kd3 1/2-1/2

[Event "5eme Open International de La Fere"]
[Site "La Fere (FRA)"]
[Date "2006.07.10"]
[Round "4.18"]
[White "Wolfangel, Claude"]
[Black "Achereiner, Guillaume"]
[Result "0-1"]
[WhiteElo "1843"]
[BlackElo "1975"]
[PlyCount "96"]
[EventDate "2006.07.08"]

1. d4 Nf6 2. c4 c5 3. dxc5 Nc6 4. Nc3 e6 5. Nf3 Bxc5 6. e3 O-O 7. Be2 d5 8.
cxd5 exd5 9. O-O Re8 10. Re1 Bg4 11. a3 Qd7 12. b4 Bf8 13. Nd4 Rac8 14. Bxg4
Nxg4 15. Bb2 Nxd4 16. Qxd4 Qf5 17. Rf1 Nf6 18. Rac1 a5 19. Na4 Re4 20. Qd2 Rxc1
21. Bxc1 axb4 22. axb4 Bxb4 23. Qc2 Bd6 24. h3 Qd7 25. Nb2 Bc7 26. Rd1 Qd6 27.
g3 h5 28. h4 Ng4 29. Qxe4 dxe4 30. Rxd6 Bxd6 31. Bd2 b5 32. Nd1 Ne5 33. Kf1 b4
34. Nb2 b3 35. Ke2 Ba3 36. Bc1 Bxb2 37. Bxb2 Nc4 38. Bc3 b2 39. Bxb2 Nxb2 40.
f3 exf3+ 41. Kxf3 Nc4 42. e4 Ne5+ 43. Kf4 f6 44. Kf5 Kf7 45. Kf4 Ke6 46. Ke3
Ng4+ 47. Kf4 g6 48. Kf3 Ke5 0-1

[Event "5eme Open International de La Fere"]
[Site "La Fere (FRA)"]
[Date "2006.07.10"]
[Round "4.34"]
[White "Feryn, Benjamin"]
[Black "Pierret, Aralia"]
[Result "1/2-1/2"]
[WhiteElo "1887"]
[BlackElo "1640"]
[PlyCount "66"]
[EventDate "2006.07.08"]

1. e4 e5 2. Nc3 Nf6 3. Bc4 Bc5 4. d3 O-O 5. Nge2 d6 6. O-O Bg4 7. Na4 Bb6 8.
Nxb6 axb6 9. f3 Bd7 10. f4 exf4 11. Bxf4 Nc6 12. Bg5 Bg4 13. Qe1 Ne5 14. Bxf6
gxf6 15. Qg3 Kh8 16. Nc3 Rg8 17. Qh4 Bf3 18. Rf2 Bxg2 19. Qxf6+ Qxf6 20. Rxf6
Bh3+ 21. Kh1 Bg2+ 22. Kg1 Bh3+ 23. Kh1 Rg2 24. Rg1 Rxg1+ 25. Kxg1 Rg8+ 26. Kh1
Nf3 27. Rxf3 Bg2+ 28. Kg1 Bxf3+ 29. Kf2 Bh5 30. Nd5 Rc8 31. Ne7 Re8 32. Nd5 Rc8
33. Ne7 Re8 1/2-1/2

[Event "5eme Open International de La Fere"]
[Site "La Fere (FRA)"]
[Date "2006.07.10"]
[Round "4.19"]
[White "Delmotte, Eric"]
[Black "Bessat, Remy"]
[Result "0-1"]
[WhiteElo "1861"]
[BlackElo "1974"]
[PlyCount "72"]
[EventDate "2006.07.08"]

1. d4 Nf6 2. c4 c5 3. d5 b5 4. cxb5 a6 5. bxa6 Bxa6 6. Nc3 g6 7. e4 Bxf1 8.
Kxf1 d6 9. g4 Bg7 10. Kg2 O-O 11. g5 Nh5 12. Nge2 f5 13. Ng3 f4 14. Nxh5 f3+
15. Kg1 gxh5 16. h4 Qd7 17. Kf1 Qg4 18. Rg1 Qh3+ 19. Ke1 Nd7 20. g6 Qxh4 21.
gxh7+ Kxh7 22. e5 Nxe5 23. Qc2+ Kh8 24. Ne4 c4 25. Ng5 Nd3+ 26. Kd1 Nxf2+ 27.
Kd2 Qd4+ 28. Ke1 Nd3+ 29. Kf1 Qxd5 30. Qh2 Nf4 31. Bxf4 Qd3+ 32. Ke1 Rxf4 33.
Qxh5+ Kg8 34. Qh2 f2+ 35. Qxf2 Rxf2 36. Kxf2 Bd4+ 0-1

[Event "5eme Open International de La Fere"]
[Site "La Fere (FRA)"]
[Date "2006.07.10"]
[Round "4.21"]
[White "Hauet, Thomas"]
[Black "Vandervorst, Marc"]
[Result "0-1"]
[WhiteElo "1830"]
[BlackElo "1932"]
[PlyCount "111"]
[EventDate "2006.07.08"]

1. e4 e5 2. Nf3 Nc6 3. Nc3 Nf6 4. d3 h6 5. Be2 Bb4 6. Be3 d5 7. exd5 Nxd5 8.
Bd2 Nxc3 9. Bxc3 Bxc3+ 10. bxc3 O-O 11. O-O Qf6 12. Nd2 Bf5 13. Bg4 Rad8 14.
Rb1 b6 15. Qf3 Bxg4 16. Qxg4 Qe7 17. Rfe1 Rd6 18. Nf3 Rg6 19. Qe4 Re6 20. Rb5
Re8 21. Re3 Qa3 22. Qc4 Qc1+ 23. Ne1 Qa3 24. h3 Qa6 25. Qd5 Ne7 26. Qb3 c5 27.
a4 Nf5 28. Re2 Nd6 29. c4 Nxb5 30. cxb5 Qb7 31. Nf3 e4 32. dxe4 Rxe4 33. Rd2
Qc7 34. Rd1 Rb4 35. Qa2 Qf4 36. Qd5 Rxa4 37. Qd3 Qc4 38. Qd7 Rf8 39. Rc1 Ra5
40. Ne5 Qxb5 41. Qc7 Qb2 42. Re1 Ra1 43. Rxa1 Qxa1+ 44. Kh2 Qa2 45. f3 Qe6 46.
Ng4 a5 47. Qa7 Qc6 48. Qe7 Re8 49. Qh4 a4 50. Qf2 a3 51. c4 Qd6+ 52. Kh1 Qd4
53. Qg3 a2 54. Nxh6+ Kf8 55. Nf5 a1=Q+ 56. Kh2 0-1

[Event "5eme Open International de La Fere"]
[Site "La Fere (FRA)"]
[Date "2006.07.10"]
[Round "4.22"]
[White "Boudier, Eric"]
[Black "Dagnicourt, Francis"]
[Result "0-1"]
[WhiteElo "1927"]
[BlackElo "1810"]
[PlyCount "64"]
[EventDate "2006.07.08"]

1. e4 Nf6 2. Nc3 d5 3. e5 d4 4. Nce2 Ng8 5. Ng3 e6 6. Bc4 Bd7 7. a3 Ne7 8. d3
Ng6 9. f4 Bc6 10. Nf3 Be7 11. Qe2 Nd7 12. Ne4 Nb6 13. Bb3 Nd5 14. g3 Nb6 15.
Bd2 Qd7 16. O-O-O O-O-O 17. Rhg1 Na4 18. f5 exf5 19. Neg5 Bd5 20. e6 Qc6 21.
Nxd4 Qa6 22. c4 Nxb2 23. Kxb2 Qxa3+ 24. Kc2 Bxg5 25. cxd5 Qc5+ 26. Bc3 Bf6 27.
Qf2 Ne7 28. Kb2 Nxd5 29. Rc1 Nxc3 30. Rxc3 Bxd4 31. Qc2 Bxc3+ 32. Qxc3 Qxg1 0-1

[Event "5eme Open International de La Fere"]
[Site "La Fere (FRA)"]
[Date "2006.07.10"]
[Round "4.23"]
[White "Lucas, Bernard"]
[Black "Menneveux, Jerome"]
[Result "0-1"]
[WhiteElo "1830"]
[BlackElo "1918"]
[PlyCount "80"]
[EventDate "2006.07.08"]

1. d4 d5 2. c4 e6 3. Nc3 Nf6 4. Bg5 Be7 5. e3 O-O 6. Nf3 b6 7. Bxf6 Bxf6 8.
cxd5 exd5 9. Rc1 Bb7 10. Bd3 c5 11. dxc5 bxc5 12. O-O Nd7 13. Bb1 Ne5 14. Nxe5
Bxe5 15. Qh5 Re8 16. Rfd1 g6 17. Qf3 Qh4 18. g3 Qb4 19. Nxd5 Qxb2 20. Rxc5 Rad8
21. e4 Rd6 22. Qd3 Red8 23. Qc4 Ba6 24. Qc2 Qb8 25. Ne7+ Kf8 26. Rdd5 Bxg3 27.
fxg3 Kxe7 28. Rc7+ Kf8 29. Rxd6 Rxd6 30. a4 Rd1+ 31. Kf2 Qxb1 32. Qc5+ Kg8 33.
Rc8+ Bxc8 34. Qxc8+ Kg7 35. Qc3+ Kf8 36. Qc5+ Ke8 37. Qe5+ Kd7 38. Qf4 Qb3 39.
Kg2 Qe6 40. Qf3 Rd4 0-1

[Event "5eme Open International de La Fere"]
[Site "La Fere (FRA)"]
[Date "2006.07.10"]
[Round "4.24"]
[White "Nicolas, Christian"]
[Black "Zimmerman, Yuri"]
[Result "0-1"]
[WhiteElo "1850"]
[BlackElo "2374"]
[PlyCount "79"]
[EventDate "2006.07.08"]

1. e4 d6 2. d4 Nf6 3. f3 g6 4. Be3 Bg7 5. Qd2 Nc6 6. Nc3 e5 7. Nge2 O-O 8.
O-O-O exd4 9. Nxd4 Qe7 10. Bc4 Ne5 11. Bb3 c5 12. Ndb5 c4 13. Ba4 a6 14. Qxd6
Qxd6 15. Nxd6 b5 16. Ndxb5 axb5 17. Bxb5 Ba6 18. Bxa6 Rxa6 19. a3 Rb8 20. Rd2
Nfd7 21. Rhd1 Nf8 22. Rd8 Raa8 23. Rxb8 Rxb8 24. Nd5 Ne6 25. Bd2 Nd4 26. Bb4
Nec6 27. c3 Nxb4 28. Nxb4 Ne2+ 29. Kd2 Nf4 30. g3 Ne6 31. Ke2 Nc5 32. Rd2 Bh6
33. Nc6 Rb6 34. Rd8+ Kg7 35. Nb4 Bc1 36. Rc8 Rb5 37. a4 Nxa4 38. Rxc4 Nxb2 39.
Rc7 Na4 40. Nd5 0-1

[Event "5eme Open International de La Fere"]
[Site "La Fere (FRA)"]
[Date "2006.07.10"]
[Round "4.25"]
[White "Bronner, Daniel"]
[Black "Delorme, Laurie"]
[Result "0-1"]
[WhiteElo "1811"]
[BlackElo "2068"]
[PlyCount "76"]
[EventDate "2006.07.08"]

1. Nf3 c5 2. c4 g6 3. e3 Bg7 4. Be2 e6 5. Na3 Ne7 6. Rb1 Nbc6 7. O-O O-O 8. Nc2
d5 9. b4 d4 10. b5 Na5 11. exd4 cxd4 12. d3 b6 13. Re1 e5 14. Bf1 Qc7 15. Bd2
Nb7 16. Qc1 Bg4 17. Be2 Nc5 18. Qa3 Rad8 19. Nb4 Bc8 20. Rbd1 Bb7 21. Bg5 f6
22. Bh4 h5 23. Bg3 g5 24. h3 Nf5 25. Bh2 g4 26. hxg4 hxg4 27. Nd2 g3 28. Bxg3
Nxg3 29. fxg3 Bh6 30. Bf3 Be3+ 31. Kf1 e4 32. Nxe4 Nxe4 33. dxe4 Qxg3 34. Qb2
f5 35. Nd5 fxe4 36. Nxe3 exf3 37. Rxd4 fxg2+ 38. Kg1 Qxe1+ 0-1

[Event "5eme Open International de La Fere"]
[Site "La Fere (FRA)"]
[Date "2006.07.10"]
[Round "4.26"]
[White "Bosch, Joachim"]
[Black "Nicolas, Aurelien"]
[Result "1-0"]
[WhiteElo "2035"]
[BlackElo "1824"]
[PlyCount "70"]
[EventDate "2006.07.08"]

1. d4 d5 2. c4 e6 3. Nc3 Nf6 4. Bg5 Be7 5. e3 O-O 6. Nf3 Nbd7 7. cxd5 Nxd5 8.
Bxe7 Qxe7 9. Nxd5 exd5 10. a3 Nb6 11. Qc2 c6 12. Bd3 g6 13. O-O Bd7 14. b4 a5
15. Qc5 Nc8 16. Ne5 Be8 17. Rfc1 f6 18. Nf3 b6 19. Qxe7 Nxe7 20. b5 cxb5 21.
Rab1 Rc8 22. Rxc8 Nxc8 23. Bxb5 Bxb5 24. Rxb5 Rd8 25. Ne1 Rd6 26. f3 Na7 27.
Rb3 Rc6 28. Nd3 g5 29. h4 h6 30. hxg5 hxg5 31. Kf2 Kf7 32. f4 Rc2+ 33. Kg3 b5
34. fxg5 fxg5 35. Ne1 Kf6 1-0

[Event "5eme Open International de La Fere"]
[Site "La Fere (FRA)"]
[Date "2006.07.10"]
[Round "4.27"]
[White "Trens, Yohan"]
[Black "Pavillon, Guillaume"]
[Result "1-0"]
[WhiteElo "2021"]
[BlackElo "1790"]
[PlyCount "65"]
[EventDate "2006.07.08"]

1. e4 e6 2. d4 d5 3. Nc3 Nf6 4. e5 Nfd7 5. f4 a6 6. Nf3 c5 7. Be3 Nc6 8. Qd2
cxd4 9. Nxd4 Bc5 10. O-O-O Nxd4 11. Bxd4 b5 12. Qf2 Qb6 13. Ne2 Bb7 14. Kb1 Rc8
15. h4 Bxd4 16. Qxd4 Qc7 17. Rc1 Nc5 18. h5 Ne4 19. g4 Qc4 20. Qe3 Qc5 21. Qxc5
Rxc5 22. Nd4 Ke7 23. Bd3 Nf2 24. Rhg1 Nxd3 25. cxd3 Rhc8 26. Rcf1 Rf8 27. f5
Bc8 28. f6+ gxf6 29. Rxf6 Bd7 30. Rh6 Rh8 31. Rf1 Be8 32. Rf4 Kf8 33. Nxe6+ 1-0

[Event "5eme Open International de La Fere"]
[Site "La Fere (FRA)"]
[Date "2006.07.10"]
[Round "4.28"]
[White "Belloc, Sidonie"]
[Black "Deneuville, Ludovic"]
[Result "0-1"]
[WhiteElo "1771"]
[BlackElo "2009"]
[PlyCount "72"]
[EventDate "2006.07.08"]

1. e4 e5 2. Nf3 Nc6 3. d4 exd4 4. Nxd4 Nxd4 5. Qxd4 Qf6 6. Qxf6 Nxf6 7. Bd3 Bc5
8. O-O d6 9. Nd2 O-O 10. c3 Bd7 11. h3 Rfe8 12. Re1 Bc6 13. b4 Bb6 14. Bb2 Rad8
15. a4 a6 16. Kf1 Re7 17. f3 Nh5 18. Red1 Ng3+ 19. Ke1 f5 20. Nf1 Nxf1 21. Bxf1
fxe4 22. f4 Rf8 23. g3 e3 24. Be2 Be4 25. h4 d5 26. Bd3 Bg2 27. Rac1 Rfe8 28.
Rc2 Bh3 29. Be2 c6 30. Ba1 Re6 31. h5 Bf5 32. Bd3 Bxd3 33. Rxd3 Rh6 34. g4 Re4
35. Rg2 Rxf4 36. Bb2 Rhf6 0-1